| 000 | 00860nam a2200265Ia 4500 | ||
|---|---|---|---|
| 001 | 10753 | ||
| 003 | GE_BSU | ||
| 008 | 181216s||||||||xx |||||||||||||| ||und|| | ||
| 020 | _a9994062174 | ||
| 040 | _cGE_BSU | ||
| 080 | _a336.763(075.8) | ||
| 100 | _aბახტაძე,ლელა | ||
| 245 | _aფინანსური ბაზარი | ||
| 245 | _bდამხმარე სახელმძღვანელო | ||
| 245 | _cრედ:ელგუჯა მექვაბიშვილი. | ||
| 260 | _aთბილისი | ||
| 260 | _bვერჟე | ||
| 260 | _c2007 | ||
| 300 | _a280გვ;20სმ. | ||
| 300 | _bრეზ.რუს.და ინგლ.ენ. | ||
| 300 | _eბიბლიოგრ.გვ:275-279. | ||
| 541 | _h18ლ. | ||
| 653 | _aფინანსური ბაზარი | ||
| 942 | _cBK | ||
| 999 |
_c44003 _d44003 |
||